L'hygiène de l'estomac (Record no. 159967)

MARC details
000 -LEADER
campo de control de longitud fija 00672nam a2200193 i 4500
001 - NÚMERO DE CONTROL
campo de control 159967
003 - IDENTIFICADOR DE NÚMERO DE CONTROL
campo de control ES-MaACL
005 - FECHA Y HORA DE LA ÚLTIMA TRANSACCIÓN
campo de control 20250708194225.0
008 - DATOS DE LONGITUD FIJA--INFORMACIÓN GENERAL
campo de control de longitud fija 021009s1888 fr |||| | fre d
040 ## - FUENTE DE CATALOGACIÓN
Centro catalogador/agencia de origen CCPB | B
Lengua de catalogación spa
Centro/agencia transcriptor CCPB | B
100 1# - ENTRADA PRINCIPAL--NOMBRE DE PERSONA
Nombre de persona Monin, E.
9 (RLIN) 130058
245 12 - MENCIÓN DEL TÍTULO
Título L'hygiène de l'estomac
Resto del título : guide practique de l'alimentation /
Mención de responsabilidad, etc. E. Monin ; préface de Theodore de Banville.
260 ## - PUBLICACIÓN, DISTRIBUCIÓN, ETC.
Lugar de publicación, distribución, etc. Paris :
Nombre del editor, distribuidor, etc. Octave Doin, éditeur,
Fecha de publicación, distribución, etc. 1888 (
Fabricante imp. Binger Frères)
300 ## - DESCRIPCIÓN FÍSICA
Extensión XXII, 371 p. ;
Dimensiones 17 cm.
650 #4 - PUNTO DE ACCESO ADICIONAL DE MATERIA--TÉRMINO DE MATERIA
Término de materia o nombre geográfico como elemento de entrada Estómago.
9 (RLIN) 136068
700 1# - ENTRADA AGREGADA--NOMBRE PERSONAL
Nombre de persona Banville, Théodore,
Fechas asociadas al nombre 1823-1891
9 (RLIN) 125795
852 ## - LOCALIZACIÓN
Ubicación ES-MaACL
Número de control de estantería D-2185
Nota libre -- Enc. tela
Holdings
Estatus retirado Estado de pérdida Estado de daño No para préstamo Colección Biblioteca de origen Biblioteca actual Ubicación en estantería Fecha de adquisición Fuente de adquisición Total de préstamos Signatura topográfica completa Código de barras Visto por última vez Precio de reemplazo Tipo de ítem Koha
        Libros del s. XIX Biblioteca del Ateneo de Madrid Biblioteca del Ateneo de Madrid Sala Valle Inclán 17/01/2008     D-2185 901167470 23/02/2023 23/02/2023 Libro impreso antiguo